LEADER 05367nam 22006495 450 001 996546843603316 005 20230511143836.0 010 $a3-031-28138-1 024 7 $a10.1007/978-3-031-28138-9 035 $a(CKB)26748019000041 035 $a(MiAaPQ)EBC7248792 035 $a(Au-PeEL)EBL7248792 035 $a(DE-He213)978-3-031-28138-9 035 $a(BIP)088396606 035 $a(PPN)270614877 035 $a(EXLCZ)9926748019000041 100 $a20230511d2023 u| 0 101 0 $aeng 135 $aurcnu|||||||| 181 $ctxt$2rdacontent 182 $cc$2rdamedia 183 $acr$2rdacarrier 200 10$aCultural Robotics: Social Robots and Their Emergent Cultural Ecologies$b[electronic resource] /$fedited by Belinda J. Dunstan, Jeffrey T. K. V. Koh, Deborah Turnbull Tillman, Scott Andrew Brown 205 $a1st ed. 2023. 210 1$aCham :$cSpringer International Publishing :$cImprint: Springer,$d2023. 215 $a1 online resource (281 pages) 225 1 $aSpringer Series on Cultural Computing,$x2195-9064 311 $a9783031281372 320 $aIncludes bibliographical references and index. 327 $a1 Introduction:Emergent Cultural Ecologies in Social Robotics -- Part I: Human Futures -- 2 Social Robot Morphology: Cultural Histories of Robot Design -- 3 The Robot Soundscape -- 4 Reimagining Robots -- 5 Data, Site, Materials: Robotics and Digital Fabrication within Installation Art -- 6 The Future of Non-Fungible Tokens: pNFTs as a Medium for Programmatic Art Enabling a Fully Realized AI-Driven Art Ecosystem -- Part II: Assistive Technology -- 7 From Assistive to Adaptive: Can We Bring a Strengths-Based Approach to Designing Disability Technology? -- 8 The Intersection of Social Impact, Technology and Design: A Catalyst for Cultural Change -- 9 Culture in Social Robots for Education -- 10 Towards an Autistic User Experience (aUX) Design for Assistive Technologies -- 11 Drone Swarms to Support Search and Rescue Operations: Opportunities and Challenges -- Part III: Creative Platforms and their Communities -- 12 Culture and Technology: Curating New Media in Collaborative Ways -- 13 Soft Robotics Workshops: Supporting Experiential Learning about Design, Movement, and Sustainability -- 14 Sonic Robotics: Musical Genres as Platforms for Understanding Robotic Performance as Cultural Events -- 15 Rouge and Robot: The Disruptive Feminine -- 16 On Display: Robots as Culture. 330 $aThis edited collection approaches the field of social robotics from the perspective of a cultural ecology, fostering a deeper examination of the reach of robotic technology into the lived experience of diverse human populations, as well as the impact of human cultures on the development and design of these social agents. To address the broad topic of Cultural Robotics, the book is sectioned into three focus areas: Human Futures, Assistive Technologies, and Creative Platforms and their Communities. The Human Futures section includes chapters on the histories and future of social robot morphology design, sensory and sonic interaction with robots, technology ethics, material explorations of embodiment, and robotic performed sentience. The Assistive Technologies section presents chapters from community-led teams, and researchers working to adopt a strengths-based approach to designing assistive technologies for those with disability or neurodivergence. Importantly, this section contains work written by authors belonging to those communities. Creative Platforms and their Communities looks to the creative cross-disciplinary researchers adopting robotics within their art practices, those contributing creatively to more traditional robotics research, and the testing of robotics in non-traditional platforms such as museum and gallery spaces. Cultural Robotics: Social Robots and their Emergent Cultural Ecologies makes a case for the development of social robotics to be increasingly informed by community-led transdisciplinary research, to be decentralised and democratised, shaped by teams with a diversity of backgrounds, informed by both experts and non-experts, and tested in both traditional and non-traditional platforms. In this way, the field of cultural robotics as an ecological approach to encompassing the widest possible spectrum of human experience in the development of social robotics can be advanced. . 410 0$aSpringer Series on Cultural Computing,$x2195-9064 606 $aUser interfaces (Computer systems) 606 $aHuman-computer interaction 606 $aComputers and civilization 606 $aRobotics 606 $aUser Interfaces and Human Computer Interaction 606 $aComputers and Society 606 $aRobotics 610 $aMechanical Engineering 610 $aTechnology & Engineering 615 0$aUser interfaces (Computer systems). 615 0$aHuman-computer interaction. 615 0$aComputers and civilization. 615 0$aRobotics. 615 14$aUser Interfaces and Human Computer Interaction. 615 24$aComputers and Society. 615 24$aRobotics. 676 $a629.892 702 $aDunstan$b Belinda J. 801 0$bMiAaPQ 801 1$bMiAaPQ 801 2$bMiAaPQ 906 $aBOOK 912 $a996546843603316 996 $aCultural Robotics$93388651 997 $aUNISA LEADER 01651nas 2200397 n 450 001 990008946290403321 005 20240229084245.0 011 $a0010-9312 035 $a000894629 035 $aFED01000894629 035 $a(Aleph)000894629FED01 035 $a000894629 091 $2CNR$aP 00010478 100 $a20161109a19459999km-y0itaa50------ba 101 0 $aeng 102 $aUS 110 $aauu-------- 200 1 $aCorrosion 207 1$a1945- 210 $aHouston$cNational Association of Corrosion Engineers 326 $aMensile 452 0$12001$aCorrosion (Houston, Tex.) 530 0 $aCorrosion 675 $a620.19 676 $a620.1122 712 02$aNational Association of Corrosion Engineers 801 0$aIT$bACNP$c20090723 859 4 $uhttp://acnp.cib.unibo.it/cgi-ser/start/it/cnr/dc-p1.tcl?catno=4817&person=false&language=ITALIANO&libr=&libr_th=unina1$zBiblioteche che possiedono il periodico 901 $aSE 912 $a990008946290403321 958 $aBiblioteca. Dipartimento di Ingegneria dei Materiali e della Produzione dell'Università Federico II$b1945-1946;1948-1968;1976-2002;2004-2005;$c1986;1987;1988;1993;1997;$eC$fDINMP 959 $aDINMP 996 $aCorrosion$9107835 997 $aUNINA AP1 8 $6866-01$aNA105 Biblioteca. Dipartimento di Ingegneria dei Materiali e della Produzione dell'Università Federico II$bC$ep.le Tecchio,80, 80125 Napoli (NA)$m081 7682595$m081 7682595$nit AP2 40$aacnp.cib.unibo.it$nACNP Italian Union Catalogue of Serials$uhttp://acnp.cib.unibo.it/cgi-ser/start/it/cnr/df-p.tcl?catno=4817&language=ITALIANO&libr=&person=&B=1&libr_th=unina&proposto=NO